The golden thread: essays in honour of C.D. Deshmukh (Record no. 503972)

000 -LEADER
fixed length control field 00333cam a22001097a 4500
008 - FIXED-LENGTH DATA ELEMENTS--GENERAL INFORMATION
fixed length control field 180718b2012 xxu||||| |||| 00| 0 eng d
082 ## - DEWEY DECIMAL CLASSIFICATION NUMBER
Classification number T19x54 D49/G749g
245 ## - TITLE STATEMENT
Title The golden thread: essays in honour of C.D. Deshmukh
Statement of responsibility, etc. edited by Omita Goyal
260 ## - PUBLICATION, DISTRIBUTION, ETC.
Place of publication, distribution, etc. New Delhi
Name of publisher, distributor, etc. Ravinder Datta
Date of publication, distribution, etc. 2012
300 ## - PHYSICAL DESCRIPTION
Extent 413p.
700 ## - ADDED ENTRY--PERSONAL NAME
Personal name Goyal, Omita
Holdings
Withdrawn status Lost status Damaged status Not for loan Permanent Location Current Location Date acquired Full call number Barcode Date last seen Price effective from Koha item type
        Indian Institute of Public Administration Indian Institute of Public Administration 2018-08-04 T19x54 D49/G749g GR20374 2018-08-04 2018-08-04 GR

Powered by Koha